[Event "IV Festival A"]
[Site "Campobasso ITA"]
[Date "1997.10.05"]
[Round "6"]
[White "Ficco, Corrado"]
[Black "Corvi, Marco"]
[Result "1/2-1/2"]
[WhiteElo "2105"]
[BlackElo "2260"]
[PlyCount "105"]
[EventDate "1997.10.03"]

1. Nf3 f5 2. d4 Nf6 3. Bg5 e6 4. Nc3 d5 5. g3 c6 6. Bg2 Bd6 7. e3 Nbd7 8. Ne2
Qe7 9. Bf4 Ne4 10. Bxd6 Qxd6 11. O-O b6 12. Nf4 Ba6 13. Nd3 O-O 14. Re1 Bxd3
15. Qxd3 g5 16. Nd2 g4 17. Re2 Rf7 18. Rc1 b5 19. c3 h5 20. f3 gxf3 21. Nxf3
Rg7 22. b3 Qa3 23. Rec2 Rf8 24. Qe2 Ndf6 25. Ne5 Qd6 26. c4 dxc4 27. bxc4 b4
28. c5 Qc7 29. Qa6 Rc8 30. Bxe4 Nxe4 31. Rg2 Nf6 32. Qc4 Nd5 33. Re1 Qd8 34. e4
fxe4 35. Rxe4 Rcc7 36. Nd3 Qf6 37. Nf4 Nxf4 38. Rxf4 Qg6 39. Rgf2 Rgf7 40. Rxf7
Rxf7 41. Rxf7 Kxf7 42. Qxb4 Qd3 43. Qb2 Ke7 44. Qb7+ Kf6 45. Qb2 Ke7 46. Qf2
Qb1+ 47. Kg2 Qe4+ 48. Qf3 Qc2+ 49. Kh3 Qxa2 50. Qxc6 Qd5 51. Qa6 Qf5+ 52. Kg2
Qe4+ 53. Kh3 1/2-1/2

[Event "IV Festival A"]
[Site "Campobasso ITA"]
[Date "1997.10.05"]
[Round "6"]
[White "Galasso, Luigi"]
[Black "Rossetti, Giovanni"]
[Result "0-1"]
[WhiteElo "1791"]
[BlackElo "1719"]
[PlyCount "110"]
[EventDate "1997.10.03"]

1. g3 d5 2. Bg2 c6 3. Nf3 Bg4 4. d3 Nd7 5. O-O e5 6. Nbd2 Ngf6 7. e4 Bd6 8. h3
Bh5 9. Qe1 Qe7 10. b3 Bg6 11. Nh4 O-O 12. Bb2 Rfe8 13. Qe2 Nf8 14. Rae1 Qc7 15.
f4 exf4 16. e5 Qb6+ 17. Qf2 Qxf2+ 18. Rxf2 Bc7 19. gxf4 N6d7 20. Bf3 h6 21. f5
Bh7 22. d4 Bd8 23. Ng2 Bxf5 24. Bxd5 Be6 25. Bxe6 Nxe6 26. Ne4 Be7 27. Kh2 Rad8
28. Rd1 Nxe5 29. Rdf1 Nxd4 30. Ne3 f6 31. Rg2 Ndf3+ 32. Kh1 Ng5 33. Nxg5 hxg5
34. h4 Nf7 35. Nf5 Bf8 36. h5 Re6 37. h6 Nxh6 38. Nxh6+ gxh6 39. Bxf6 Rde8 40.
Bxg5 hxg5 41. Rxg5+ Bg7 42. Rfg1 R8e7 43. R1g2 Kh7 44. Kh2 Rh6+ 45. Kg3 Rf7 46.
Re2 Bf6 47. Rg4 Rg7 48. Rxg7+ Kxg7 49. Kg4 Kf7 50. Rd2 Rh4+ 51. Kf5 Rd4 52. Rh2
Rd5+ 53. Ke4 Ke6 54. Rh7 Rd4+ 55. Ke3 Rd7 0-1

[Event "IV Festival A"]
[Site "Campobasso ITA"]
[Date "1997.10.05"]
[Round "6"]
[White "Gambardella, Piero"]
[Black "Di Gianni, Rocco"]
[Result "1/2-1/2"]
[WhiteElo "1692"]
[BlackElo "1912"]
[PlyCount "86"]
[EventDate "1997.10.03"]

1. d4 Nf6 2. c4 e6 3. Nf3 c5 4. d5 exd5 5. cxd5 d6 6. Nc3 g6 7. Bf4 a6 8. a4
Bg7 9. Nd2 Nh5 10. Bg3 f5 11. e3 O-O 12. Be2 Nxg3 13. hxg3 Nd7 14. Nc4 Ne5 15.
Nxe5 Bxe5 16. Qc2 Bd7 17. a5 b5 18. axb6 Qxb6 19. Kd2 Rfb8 20. Ra2 Qb4 21. Rh4
Qb7 22. Bf3 Bf6 23. Rh1 Qb4 24. Rha1 a5 25. Kc1 Kg7 26. Be2 h5 27. Bd3 h4 28.
gxh4 Qxh4 29. Rxa5 Rxa5 30. Rxa5 Qb4 31. Ra7 Rb7 32. Rxb7 Qxb7 33. Bc4 Qa8 34.
Qb3 Kf8 35. Qa2 Qxa2 36. Nxa2 Bd8 37. b4 cxb4 38. Nxb4 Bb6 39. Nd3 Kf7 40. Kc2
Kf6 41. Kd2 Ba5+ 42. Ke2 g5 43. f3 Ba4 1/2-1/2

[Event "IV Festival A"]
[Site "Campobasso ITA"]
[Date "1997.10.05"]
[Round "6"]
[White "Lagumina, Giulio"]
[Black "Passerotti, Pierluigi"]
[Result "1/2-1/2"]
[WhiteElo "2265"]
[BlackElo "2310"]
[PlyCount "27"]
[EventDate "1997.10.03"]

1. d4 f5 2. Bg5 h6 3. Bh4 g5 4. e3 Nf6 5. Bg3 d6 6. h4 Bg7 7. hxg5 hxg5 8.
Rxh8+ Bxh8 9. Nh3 g4 10. Nf4 e6 11. Nc3 Qe7 12. Qd3 Nc6 13. O-O-O Bd7 14. Ng6
1/2-1/2

[Event "IV Festival A"]
[Site "Campobasso ITA"]
[Date "1997.10.05"]
[Round "6"]
[White "Petruccioli, Antonio"]
[Black "Campanile, Antonio"]
[Result "1-0"]
[WhiteElo "1944"]
[BlackElo "2155"]
[PlyCount "45"]
[EventDate "1997.10.03"]

1. e4 d5 2. exd5 Qxd5 3. Nc3 Qa5 4. d4 c6 5. Nf3 Nf6 6. a3 Bg4 7. h3 Bh5 8. g4
Bg6 9. Ne5 Ne4 10. Qf3 Nxc3 11. bxc3 Be4 12. Qxe4 Qxc3+ 13. Kd1 Qxa1 14. Bc4
Nd7 15. Nxf7 Nb6 16. Bb3 Rd8 17. Nxd8 Kxd8 18. Ke2 Nd7 19. Rd1 g6 20. d5 c5 21.
d6 Qf6 22. dxe7+ Bxe7 23. Be6 1-0

[Event "IV Festival A"]
[Site "Campobasso ITA"]
[Date "1997.10.05"]
[Round "6"]
[White "Pizzuto, Samuele Tullio"]
[Black "Gagliardi, Pietro"]
[Result "1-0"]
[WhiteElo "2161"]
[BlackElo "2185"]
[PlyCount "73"]
[EventDate "1997.10.03"]

1. e4 c6 2. d4 d5 3. e5 Bf5 4. h4 h5 5. Nc3 e6 6. Nce2 c5 7. Be3 Qb6 8. dxc5
Bxc5 9. Bxc5 Qxc5 10. c3 Nc6 11. Nf3 Nge7 12. Ned4 Bg4 13. Bb5 O-O 14. Bxc6
bxc6 15. Qd2 Bxf3 16. Nxf3 g6 17. Nd4 Qb6 18. g4 c5 19. Ne2 Qc7 20. Qg5 Nc6 21.
f4 Kh7 22. gxh5 Qe7 23. Qg4 Rg8 24. O-O-O Rab8 25. Qf3 Qb7 26. Rd2 Qa6 27. Kb1
Na5 28. Nc1 Nc4 29. Rg2 Qb6 30. Rhh2 a5 31. Qd3 Na3+ 32. Ka1 c4 33. Qf3 Nb5 34.
hxg6+ fxg6 35. h5 g5 36. fxg5 Rgf8 37. g6+ 1-0

[Event "IV Festival A"]
[Site "Campobasso ITA"]
[Date "1997.10.05"]
[Round "6"]
[White "Tonelli, Claudio"]
[Black "Simeoni, Matteo"]
[Result "0-1"]
[WhiteElo "1791"]
[BlackElo "1830"]
[PlyCount "94"]
[EventDate "1997.10.03"]

1. d4 f5 2. Nf3 Nf6 3. c3 e6 4. Bg5 Be7 5. Nbd2 O-O 6. e3 b6 7. Bd3 Bb7 8. O-O
Qe8 9. Qe2 Qh5 10. Rfe1 Bd6 11. Bxf6 Rxf6 12. e4 fxe4 13. Bxe4 Nc6 14. g3 Raf8
15. Kg2 Bc8 16. Qd3 Ne7 17. Re2 Ng6 18. Rg1 Kh8 19. Kf1 Qh3+ 20. Ke1 Be7 21.
Ng5 Qg4 22. Qe3 Nf4 23. Nxh7 Qxe2+ 24. Qxe2 Nxe2 25. Rg2 Nc1 26. Nxf8 Rxf8 27.
Bb1 Ba6 28. c4 Bf6 29. b3 Bxd4 30. f4 Bb7 31. Ne4 d5 32. Rd2 Be3 33. cxd5 Bxd2+
34. Kxd2 exd5 35. Ng5 Nxb3+ 36. axb3 Ba6 37. f5 c5 38. Ne6 Rc8 39. g4 Rc6 40.
h4 Bc8 41. Nf4 c4 42. Nxd5 Rd6 43. bxc4 b5 44. Kc3 a5 45. Ne7 b4+ 46. Kb3 Bd7
47. Nd5 Be8 0-1

[Event "IV Festival B"]
[Site "Campobasso ITA"]
[Date "1997.10.??"]
[Round "?"]
[White "Notarstefano, Tommaso"]
[Black "Colangeli, Claudio"]
[Result "1-0"]
[WhiteElo "1546"]
[BlackElo "1651"]
[PlyCount "57"]
[EventDate "1997.10.03"]

1. d4 d5 2. c4 e6 3. Nf3 Nf6 4. Nc3 Be7 5. Bg5 h6 6. Bxf6 Bxf6 7. e3 O-O 8. Qd2
Nd7 9. h4 dxc4 10. g4 e5 11. O-O-O exd4 12. exd4 g5 13. hxg5 Bxg5 14. Nxg5 Qxg5
15. f4 Qg6 16. Bxc4 Nf6 17. g5 Ne4 18. Nxe4 Qxe4 19. Bd3 Qc6+ 20. Kb1 Qd5 21.
Rxh6 Bf5 22. Qc2 Bxd3 23. Qxd3 Rfe8 24. Rdh1 Kf8 25. Rh8+ Ke7 26. Re1+ Kd7 27.
Qh3+ Kd6 28. Rhxe8 Rxe8 29. Rxe8 1-0

[Event "IV Festival B"]
[Site "Campobasso ITA"]
[Date "1997.10.03"]
[Round "2"]
[White "Catena, Marco"]
[Black "Chicco, Giancarlo"]
[Result "1/2-1/2"]
[WhiteElo "1678"]
[BlackElo "1585"]
[PlyCount "104"]
[EventDate "1997.10.03"]

1. d4 d5 2. Nf3 c6 3. e3 e6 4. Bd3 f5 5. O-O Nf6 6. c4 Bd6 7. Nc3 O-O 8. Qb3
Kh8 9. Ne2 Nbd7 10. Ng5 Qe7 11. f4 Ne4 12. Bxe4 fxe4 13. Bd2 Nf6 14. Ng3 h6 15.
Nh3 Qe8 16. c5 Bc7 17. Qd1 Bd7 18. Nf2 a6 19. Ne2 Qh5 20. h3 g5 21. g4 Qg6 22.
Ng3 Rab8 23. Kg2 Ra8 24. Rh1 Kg7 25. h4 Rh8 26. h5 Qf7 27. Nh3 Nh7 28. Rf1 Qe7
29. Rf2 Raf8 30. Qb3 Bc8 31. Raf1 Rf6 32. a4 Rhf8 33. Qd1 Bd7 34. b4 Qe8 35.
Qe2 R8f7 36. fxg5 Rxf2+ 37. Rxf2 Rxf2+ 38. Qxf2 Nxg5 39. Nxg5 hxg5 40. Be1 Qf7
41. Ne2 Qxf2+ 42. Bxf2 Kf6 43. Bg3 Bxg3 44. Nxg3 Be8 45. Kf2 Kg7 46. Ne2 Kf6
47. Nc1 Bd7 48. Nb3 Ke7 49. Na5 Bc8 50. Ke1 Kf6 51. Kd2 e5 52. Ke1 exd4 1/2-1/2

[Event "IV Festival B"]
[Site "Campobasso ITA"]
[Date "1997.10.04"]
[Round "3"]
[White "Anella, Sandro"]
[Black "Leveque, Sergio"]
[Result "0-1"]
[WhiteElo "1684"]
[BlackElo "1651"]
[PlyCount "138"]
[EventDate "1997.10.03"]

1. d4 Nf6 2. e3 d6 3. f4 c5 4. c3 cxd4 5. exd4 Bf5 6. Nf3 Nbd7 7. Bc4 d5 8. Be2
e6 9. Ne5 Be7 10. O-O h5 11. Bf3 Nb6 12. a4 Rc8 13. a5 Nc4 14. Nxc4 Rxc4 15.
Be2 Rc8 16. Nd2 g6 17. Nf3 Kf8 18. Ne5 Kg7 19. Qb3 Rc7 20. a6 b6 21. Be3 Ng4
22. Bf2 Bh4 23. g3 Nxe5 24. dxe5 Be7 25. Bd4 h4 26. g4 Be4 27. Qd1 h3 28. Bf3
Bxf3 29. Qxf3 Bc5 30. Bxc5 bxc5 31. f5 Qg5 32. Kh1 gxf5 33. gxf5 Qxf5 34. Qxf5
exf5 35. Rxf5 Rc6 36. Rg1+ Kf8 37. e6 Rxe6 38. Rxd5 Ke7 39. Rxc5 Rxa6 40. Rc7+
Ke6 41. Re1+ Kd5 42. Rxf7 Ra2 43. Rd7+ Kc4 44. Rd2 Rg8 45. Re4+ Kb5 46. Re1 a5
47. Rg1 Rf8 48. Re1 Rg8 49. Rg1 Re8 50. Rf1 a4 51. Rf5+ Kc6 52. Rf6+ Kc7 53.
Rf7+ Kc8 54. Rf1 a3 55. Rfd1 Rxb2 56. Kg1 Rg8+ 57. Kf1 Rxd2 58. Rxd2 Rg2 59.
Rd1 Rxh2 60. Kg1 Rc2 61. Ra1 a2 62. Kh1 Kc7 63. Rg1 Kc6 64. Rg6+ Kb5 65. Rg5+
Kc4 66. Rg4+ Kxc3 67. Ra4 Kb2 68. Rb4+ Ka3 69. Rb8 a1=Q+ 0-1

[Event "IV Festival B"]
[Site "Campobasso ITA"]
[Date "1997.10.04"]
[Round "3"]
[White "Giaquinto, Sergio"]
[Black "Acciarri, Franco"]
[Result "1-0"]
[WhiteElo "1684"]
[BlackElo "1678"]
[PlyCount "46"]
[EventDate "1997.10.03"]

1. d4 Nf6 2. Nf3 g6 3. h3 Bg7 4. Bf4 d6 5. Nbd2 b6 6. e3 O-O 7. c3 c5 8. Be2
Nbd7 9. g4 Bb7 10. O-O cxd4 11. cxd4 Nd5 12. Bg3 Rc8 13. Qa4 a5 14. Rac1 e5 15.
Bb5 Rxc1 16. Rxc1 Nb8 17. Kh2 h6 18. e4 Nf4 19. Qb3 Ne2 20. Bxe2 exd4 21. Bb5
Nd7 22. Bxd7 Qxd7 23. Qxb6 Rd8 1-0

[Event "IV Festival B"]
[Site "Campobasso ITA"]
[Date "1997.10.04"]
[Round "4"]
[White "Chicco, Giancarlo"]
[Black "Giaquinto, Sergio"]
[Result "0-1"]
[WhiteElo "1585"]
[BlackElo "1684"]
[PlyCount "78"]
[EventDate "1997.10.03"]

1. d4 Nf6 2. Nf3 e6 3. Bf4 Be7 4. h3 O-O 5. e3 d5 6. Bd3 Nc6 7. a3 Bd7 8. O-O
Re8 9. Nbd2 h6 10. c4 a6 11. cxd5 exd5 12. Ne5 Nxe5 13. Bxe5 Nh7 14. Nf3 Bf6
15. Bxh7+ Kxh7 16. Qd3+ g6 17. Bxf6 Qxf6 18. Ne5 Bb5 19. Qc2 c5 20. Rfe1 Rac8
21. Qd2 Ba4 22. Rac1 b6 23. b4 c4 24. Rc3 Re6 25. f4 Be8 26. Kh1 Qf5 27. Kg1 f6
28. Nf3 Re7 29. Nh2 Bd7 30. Nf1 Rce8 31. Ng3 Qe6 32. Nf1 Qd6 33. Rcc1 Bf5 34.
Ng3 Bd3 35. Ne2 Rxe3 36. Nc3 Qxf4 37. Qf2 Qxd4 38. Nxd5 Rxe1+ 39. Rxe1 Rxe1+
0-1

[Event "IV Festival B"]
[Site "Campobasso ITA"]
[Date "1997.10.04"]
[Round "4"]
[White "Todic, Simo"]
[Black "Catena, Marco"]
[Result "0-1"]
[WhiteElo "1561"]
[BlackElo "1678"]
[PlyCount "112"]
[EventDate "1997.10.03"]

1. Nf3 e6 2. c4 f5 3. g3 b6 4. Bg2 Bb7 5. O-O Nf6 6. d4 d5 7. b3 Ne4 8. Nbd2
Be7 9. Nxe4 dxe4 10. Ne5 O-O 11. e3 Na6 12. Qe2 Bf6 13. Rd1 Qe7 14. Bb2 Rfd8
15. f4 Bxe5 16. fxe5 Qg5 17. Qf2 c5 18. Rd2 Rd7 19. a3 Rad8 20. Rad1 Bc6 21.
Bc3 Qe7 22. Bf1 g5 23. d5 Bb7 24. d6 Qg7 25. Be2 Rf8 26. Rf1 Kh8 27. Qg2 Qh6
28. Rdd1 Bc6 29. g4 f4 30. Qf2 Kg8 31. Rd2 Qh3 32. Bd1 Rff7 33. Re1 Kg7 34. Qg2
Qh4 35. Rf2 Nb8 36. Bc2 f3 37. Qg3 Qh6 38. h3 Rd8 39. Rh2 Qg6 40. Kf2 Rg8 41.
h4 gxh4 42. Rxh4 Kf8 43. Rg1 Qg5 44. Rh5 Qxh5 45. gxh5 Rxg3 46. Rxg3 Rg7 47.
Rxg7 Kxg7 48. Kg3 Kh6 49. Be1 Kg5 50. h6 Nd7 51. Bc3 Kf5 52. Bd1 Nxe5 53. Bxe5
Kxe5 54. Kg4 Kxd6 55. Kg5 Ke5 56. b4 Ba4 0-1

[Event "IV Festival B"]
[Site "Campobasso ITA"]
[Date "1997.10.05"]
[Round "6"]
[White "Anella, Sandro"]
[Black "Carriero, Gianbattista"]
[Result "1/2-1/2"]
[WhiteElo "1684"]
[BlackElo "1618"]
[PlyCount "59"]
[EventDate "1997.10.03"]

1. d4 d5 2. e3 g6 3. Bd3 Bg7 4. f4 Nf6 5. Nf3 Ne4 6. Nbd2 Bf5 7. O-O Nd7 8. Ne5
O-O 9. Qf3 Ndf6 10. g4 Nxd2 11. Bxd2 Be4 12. Qe2 Rc8 13. g5 Nh5 14. Bxe4 dxe4
15. Bb4 c6 16. a4 Bxe5 17. dxe5 Ng7 18. Rfd1 Qc7 19. Qc4 c5 20. Ba3 Qc6 21. Rd5
Nf5 22. Kf2 a6 23. Rd2 Rfd8 24. Rad1 Rxd2+ 25. Rxd2 b6 26. Qxa6 Qc7 27. Ke2 Kg7
28. Qc4 Qc6 29. Qa6 Qc7 30. Qc4 1/2-1/2

[Event "C.to Provinciale CT 1998"]
[Site "Mascalucia ITA"]
[Date "1997.12.??"]
[Round "3"]
[White "Fabiano, Giuseppe"]
[Black "Gangemi, Salvatore"]
[Result "1-0"]
[WhiteElo "2230"]
[BlackElo "1879"]
[PlyCount "37"]
[EventDate "1997.12.26"]

1. e4 e6 2. d3 d5 3. Nd2 Bd6 4. Ngf3 c5 5. g3 Bd7 6. Bg2 Bc6 7. O-O Nd7 8. Re1
Ne7 9. Nh4 g5 10. exd5 gxh4 11. dxc6 Nxc6 12. Nc4 Be7 13. Rxe6 O-O 14. Rh6 hxg3
15. Qg4+ Kh8 16. Qf5 gxf2+ 17. Kf1 Nf6 18. Be4 Kg8 19. Rxf6 1-0

[Event "XXXIX Festival A"]
[Site "Imperia ITA"]
[Date "1997.08.??"]
[Round "3"]
[White "Del Dotto, Riccardo"]
[Black "Zlochevskij, Alexander"]
[WhiteElo "1989"]
[BlackElo "2440"]
[Result "0-1"]
[PlyCount "118"]
[EventDate "1997.08.31"]

1. e4 d5 2. exd5 Nf6 3. Nc3 Nxd5 4. Bc4 Nb6 5. Bb3 Nc6 6. Qf3 e6 7. Nge2 Na5 8.
d3 Bd7 9. Qg3 Nxb3 10. axb3 Nc8 11. O-O Nd6 12. Ne4 Nf5 13. Qf4 Be7 14. Bd2 O-O
15. Bc3 f6 16. Qd2 Bc6 17. Bb4 e5 18. Bxe7 Nxe7 19. f3 Nd5 20. d4 Ne7 21. dxe5
Qxd2 22. Nxd2 fxe5 23. Rfe1 Nf5 24. Ng3 Nxg3 25. hxg3 Rfe8 26. Re2 Re6 27. Rae1
Rae8 28. Kf2 Kf7 29. Ne4 Bxe4 30. Rxe4 a5 31. Ra1 b6 32. Rae1 Kf6 33. b4 axb4
34. Rxb4 Rd6 35. Rbe4 Rd2+ 36. R1e2 Rxe2+ 37. Kxe2 Rd8 38. f4 exf4 39. gxf4 h5
40. g3 Rd5 41. Rc4 c5 42. Re4 Rd6 43. Rc4 Kf5 44. Kf3 Rd2 45. Rc3 Rd4 46. Re3
Kf6 47. g4 hxg4+ 48. Kxg4 g5 49. Rf3 Rb4 50. b3 Re4 51. Kg3 gxf4+ 52. Rxf4+ Ke5
53. Rf3 Re2 54. Rc3 Ke4 55. Rc4+ Kd5 56. Kf3 Rh2 57. Ke3 b5 58. Rc3 c4 59. b4
Ke5 0-1

[Event "XXXIX Festival A"]
[Site "Imperia ITA"]
[Date "1997.08.??"]
[Round "5"]
[White "Faraci, Antonino"]
[Black "Cugini, Werter"]
[WhiteElo "2095"]
[BlackElo "2098"]
[Result "1-0"]
[PlyCount "97"]
[EventDate "1997.08.31"]

1. Nf3 c5 2. c4 Nc6 3. g3 e5 4. d3 g6 5. Bg2 Bg7 6. O-O Nge7 7. Nc3 O-O 8. Bd2
a6 9. Rb1 Rb8 10. Qc1 b5 11. Bh6 d6 12. Bxg7 Kxg7 13. Qd2 Bg4 14. h3 Bxf3 15.
Bxf3 Nd4 16. Bg2 f5 17. e3 Ne6 18. f4 h6 19. Nd5 bxc4 20. dxc4 e4 21. Qc3+ Kg8
22. Nf6+ Kf7 23. Nh7 Re8 24. Qf6+ Kg8 25. Qxe6+ Kxh7 26. Rfd1 Rb6 27. b4 Rg8
28. bxc5 Rxb1 29. Rxb1 dxc5 30. Rb7 Rg7 31. Qxa6 Qd3 32. Rb3 Qd1+ 33. Kh2 Ng8
34. Rb7 Qd2 35. Rxg7+ Kxg7 36. Qa7+ Kf6 37. Qxc5 Ne7 38. a4 Ke6 39. Qb6+ Kd7
40. a5 Nc6 41. a6 Qa2 42. Qb7+ Kd6 43. Qf7 Qa5 44. Qxg6+ Kc7 45. Qxh6 Qc5 46.
Qh7+ Kd6 47. Qg6+ Ke7 48. Qg7+ Ke6 49. Qc7 1-0

[Event "XXXIX Festival A"]
[Site "Imperia ITA"]
[Date "1997.08.??"]
[Round "7"]
[White "Arlandi, Ennio"]
[Black "Babula, Milan"]
[WhiteElo "2470"]
[BlackElo "2285"]
[Result "1/2-1/2"]
[PlyCount "156"]
[EventDate "1997.08.31"]

1. d4 Nf6 2. c4 g6 3. Nc3 Bg7 4. e4 d6 5. Nf3 O-O 6. Be2 e5 7. O-O Nc6 8. d5
Ne7 9. Nd2 c5 10. dxc6 bxc6 11. b4 d5 12. a4 Be6 13. Ba3 d4 14. Na2 Nd7 15. Nc1
f5 16. Qc2 Bh6 17. Ncb3 Kh8 18. Bd3 Rf7 19. Rae1 Bxd2 20. Nxd2 f4 21. f3 g5 22.
c5 Rf6 23. Bc4 Qf8 24. Bxe6 Rxe6 25. Nc4 h5 26. b5 g4 27. Nd6 Rg6 28. Qa2 Qf6
29. Qf7 Qxf7 30. Nxf7+ Kg7 31. Nd6 Kf6 32. Re2 Ke6 33. Rb2 Rgg8 34. Rb3 Rab8
35. Rfb1 Rgf8 36. b6 axb6 37. cxb6 c5 38. Nc4 Nc6 39. Rb5 Ra8 40. Bxc5 Rg8 41.
b7 Rxa4 42. Nb6 Ra2 43. Nxd7 Kxd7 44. b8=Q Nxb8 45. Rxb8 Rxb8 46. Rxb8 Ra1+ 47.
Kf2 Ra2+ 48. Kf1 Ra1+ 49. Ke2 Ra2+ 50. Kd3 Rxg2 51. fxg4 hxg4 52. Rh8 f3 53.
Bb4 Kc6 54. Rh5 Rb2 55. Be1 f2 56. Bxf2 Rxf2 57. Rxe5 Rxh2 58. Rg5 Rg2 59. Kxd4
Kd6 60. Rg6+ Ke7 61. Ke5 Kf7 62. Rg5 g3 63. Rg4 Rg1 64. Rg5 g2 65. Rg3 Ke7 66.
Rg7+ Kf8 67. Rg6 Ke7 68. Rg3 Kf7 69. Rf3+ Ke7 70. Rf2 Kd7 71. Ra2 Ke7 72. Ra7+
Kf8 73. Ra2 Ke7 74. Rd2 Kf7 75. Rb2 Ke7 76. Rb7+ Kf8 77. Rb8+ Ke7 78. Rb2 Kf7
1/2-1/2

[Event "XXXIX Festival A"]
[Site "Imperia ITA"]
[Date "1997.08.??"]
[Round "7"]
[White "Del Dotto, Riccardo"]
[Black "Blasco, Domenico"]
[WhiteElo "1989"]
[BlackElo "2180"]
[Result "1-0"]
[PlyCount "67"]
[EventDate "1997.08.31"]

1. e4 Nf6 2. Nc3 d5 3. exd5 Nxd5 4. Bc4 Nb6 5. Bb3 Nc6 6. Qf3 e6 7. Nge2 Na5 8.
d3 Nxb3 9. axb3 c6 10. Qg3 Nd5 11. Nxd5 Qxd5 12. O-O f6 13. Nc3 Qd7 14. Na4 Bd6
15. Bf4 Bxf4 16. Qxf4 e5 17. Qe3 Qg4 18. Nb6 Rb8 19. Rxa7 O-O 20. Nxc8 Rfxc8
21. h3 Qb4 22. Rfa1 Re8 23. R1a4 Qd6 24. Qb6 e4 25. Rxe4 Rxe4 26. dxe4 Qd1+ 27.
Kh2 Qd6+ 28. g3 Qd2 29. Qc5 b6 30. Qc4+ Kh8 31. Kg2 Rg8 32. Qxc6 Qd4 33. Qd5
Qxb2 34. Ra8 1-0

[Event "XXXIX Festival A"]
[Site "Imperia ITA"]
[Date "1997.08.??"]
[Round "7"]
[White "Lanzani, Mario"]
[Black "Mozny, Milos"]
[WhiteElo "2360"]
[BlackElo "2375"]
[Result "0-1"]
[PlyCount "74"]
[EventDate "1997.08.31"]

1. e4 c5 2. Nf3 e6 3. d4 cxd4 4. Nxd4 Nf6 5. Nc3 d6 6. Be2 Be7 7. O-O Nc6 8.
Be3 O-O 9. f4 Bd7 10. Nb3 a6 11. a4 b6 12. Bf3 Qc7 13. Kh1 Rab8 14. Qe2 Na5 15.
Rad1 Nc4 16. Bc1 b5 17. axb5 axb5 18. e5 Ne8 19. exd6 Nexd6 20. Nd4 Bf6 21. b3
Na5 22. Ne4 Nxe4 23. Bxe4 Rfd8 24. f5 e5 25. Nf3 Bc6 26. Bg5 Bxe4 27. Qxe4 Qc6
28. Rxd8+ Rxd8 29. Qb4 Nb7 30. Bxf6 gxf6 31. Qg4+ Kh8 32. Qh5 Nd6 33. c4 bxc4
34. bxc4 Qxc4 35. Rd1 Ra8 36. Qh6 Ne4 37. Qe3 Qc2 0-1

[Event "XXXIX Festival A"]
[Site "Imperia ITA"]
[Date "1997.08.??"]
[Round "7"]
[White "Lazarev, Vladimir"]
[Black "Biolek, Richard sr"]
[WhiteElo "2500"]
[BlackElo "2410"]
[Result "0-1"]
[PlyCount "82"]
[EventDate "1997.08.31"]

1. d4 g6 2. c4 Bg7 3. e4 d6 4. Nc3 e5 5. Nge2 Nc6 6. Be3 Nh6 7. f3 f5 8. Qd2 f4
9. Bf2 O-O 10. d5 Nb8 11. c5 Nf7 12. Nc1 Re8 13. Nb3 Bf8 14. O-O-O dxc5 15.
Nxc5 b6 16. Nb3 c5 17. dxc6 Nxc6 18. Bb5 Bb7 19. Qe2 Qc8 20. Kb1 Rd8 21. Nd5
Rd6 22. g3 Ne7 23. Nxe7+ Bxe7 24. gxf4 exf4 25. Bc4 Kg7 26. Bd4+ Bf6 27. Bxf7
Bxd4 28. Nxd4 Kxf7 29. Nb5 Rxd1+ 30. Rxd1 Ba6 31. Nd6+ Kg7 32. Qd2 Qc5 33. Qxf4
Rf8 34. Qg4 Be2 35. Qd7+ Kh6 36. Re1 Rxf3 37. Nf7+ Kh5 38. Nd6 h6 39. a3 Qe3
40. Ka1 Qd2 41. Rxe2 Qd1+ 0-1

[Event "XXXIX Festival A"]
[Site "Imperia ITA"]
[Date "1997.08.??"]
[Round "7"]
[White "Mrdja, Milan"]
[Black "Jirovsky, Milos"]
[WhiteElo "2390"]
[BlackElo "2480"]
[Result "1-0"]
[PlyCount "79"]
[EventDate "1997.08.31"]

1. e4 d5 2. exd5 Qxd5 3. Nc3 Qa5 4. Bc4 Nf6 5. h3 Bf5 6. d3 e6 7. Bd2 c6 8. Nd5
Qd8 9. Nxf6+ gxf6 10. Nf3 Nd7 11. a4 a5 12. Qe2 Nb6 13. Bb3 Bd6 14. O-O-O Nd5
15. Nd4 Bg6 16. Bxd5 cxd5 17. f4 Bc5 18. Nb5 O-O 19. g4 f5 20. g5 h5 21. h4 d4
22. Rhe1 Qb6 23. Qf2 Rfd8 24. Kb1 Rd5 25. Re2 Rc8 26. Rde1 Qc6 27. Rc1 Bb6 28.
Qe1 Ra8 29. Re5 Qc5 30. Rxd5 Qxd5 31. Qf2 f6 32. gxf6 Kf7 33. Re1 Rc8 34. Bc1
Rc6 35. Rg1 Rc8 36. b3 Qd8 37. Ba3 Bc5 38. Qg2 Qxf6 39. Qxb7+ Qe7 40. Qxe7+ 1-0

[Event "XXXIX Festival A"]
[Site "Imperia ITA"]
[Date "1997.08.??"]
[Round "7"]
[White "Nurkic, Sahbaz"]
[Black "Zlochevskij, Alexander"]
[WhiteElo "2430"]
[BlackElo "2440"]
[Result "1-0"]
[PlyCount "81"]
[EventDate "1997.08.31"]

1. e4 e6 2. d4 d5 3. Nd2 c5 4. Ngf3 Nf6 5. e5 Nfd7 6. c3 Nc6 7. Bd3 Qb6 8. O-O
cxd4 9. cxd4 Nxd4 10. Nxd4 Qxd4 11. Nf3 Qb6 12. Qa4 Qb4 13. Qc2 Qc5 14. Qe2 Qb6
15. b4 Bxb4 16. Rb1 Qa5 17. Ng5 Be7 18. Nxh7 Qc7 19. Bf4 Nc5 20. Rfc1 Bd7 21.
Qh5 g6 22. Bxg6 fxg6 23. Qxg6+ Kd8 24. Qg7 Re8 25. Bg5 b6 26. h4 Bc6 27. Nf6
Bxf6 28. exf6 Qxg7 29. fxg7+ Kd7 30. h5 d4 31. f3 e5 32. h6 Ke6 33. h7 Rh8 34.
gxh8=Q Rxh8 35. a4 Rxh7 36. a5 Rg7 37. axb6 Rxg5 38. Rxc5 Bxf3 39. b7 Rxg2+ 40.
Kf1 Bxb7 41. Rxb7 1-0

[Event "XXXIX Festival A"]
[Site "Imperia ITA"]
[Date "1997.08.??"]
[Round "8"]
[White "Jirovsky, Milos"]
[Black "Safranska, Anda"]
[WhiteElo "2480"]
[BlackElo "2270"]
[Result "1-0"]
[PlyCount "201"]
[EventDate "1997.08.31"]

1. Nf3 Nf6 2. c4 g6 3. g3 Bg7 4. Bg2 O-O 5. O-O Nc6 6. d4 d6 7. Nc3 a6 8. b3
Rb8 9. Nd5 Nh5 10. Bb2 e6 11. Nf4 Nxf4 12. gxf4 f5 13. Qd2 Ne7 14. Rfd1 b5 15.
Rab1 c6 16. Bc3 h6 17. Ba5 Qd7 18. Rbc1 Kh7 19. e3 Bb7 20. Qe2 Bf6 21. h4 Rbc8
22. Kh2 Ng8 23. Rc2 Bg7 24. c5 d5 25. Rh1 Nf6 26. Ne5 Qe8 27. Kg1 Nh5 28. Nf3
Qe7 29. Kf1 Ra8 30. Ke1 Bc8 31. Kd2 Ra7 32. Rcc1 Bd7 33. Ne1 Be8 34. Bf3 Nf6
35. Kc2 Bf7 36. Kb1 Ne4 37. Bxe4 dxe4 38. f3 exf3 39. Nxf3 Rd7 40. Rcg1 Bf6 41.
Qg2 Rd5 42. Rh3 Rg8 43. Qh1 Be8 44. Rhg3 Bf7 45. Rh3 Be8 46. Qg2 Bf7 47. Rgh1
Be8 48. Ne1 Qb7 49. Nd3 Rd7 50. Qd2 Bf7 51. Bb6 Be8 52. Rg1 Rdg7 53. Qa5 Bd7
54. Bc7 Bc8 55. Bd6 Bd8 56. Qe1 Bd7 57. Be5 Rf7 58. Rh2 Be8 59. Rhg2 Rd7 60.
Rh1 Bf7 61. Qe2 a5 62. Qf3 Be8 63. Rhh2 Rf7 64. Rg1 Rd7 65. Qd1 Rf7 66. Ne1 Qc8
67. Nf3 Ra7 68. Rhg2 h5 69. Rb2 Qd7 70. Bd6 Bf6 71. Rgg2 Qd8 72. Qe1 b4 73. Rh2
Bf7 74. Nd2 Be8 75. Nc4 Rb7 76. Qh1 Ra7 77. Rbd2 a4 78. bxa4 Rxa4 79. Rb2 Rg7
80. Be5 Bxe5 81. Nxe5 Qa8 82. Qc1 Rga7 83. Nc4 b3 84. Rxb3 Rxa2 85. Rxa2 Rxa2
86. Ra3 Rxa3 87. Nxa3 g5 88. fxg5 Bg6 89. Ka2 f4 90. exf4 Be4 91. Qe3 Bd5+ 92.
Kb2 Qa4 93. Qc3 Kg7 94. Nc2 Qa2+ 95. Kc1 Be4 96. d5+ Kg8 97. dxc6 Bxc2 98. Qxc2
Qa1+ 99. Kd2 Qd4+ 100. Ke2 Qxf4 101. Qg6+ 1-0

[Event "XXXIX Festival A"]
[Site "Imperia ITA"]
[Date "1997.08.??"]
[Round "8"]
[White "Luciani, Carlo"]
[Black "Arlandi, Ennio"]
[WhiteElo "2255"]
[BlackElo "2470"]
[Result "0-1"]
[PlyCount "76"]
[EventDate "1997.08.31"]

1. e4 c6 2. d4 d5 3. e5 Bf5 4. Nf3 e6 5. Be2 c5 6. Be3 Nd7 7. c4 cxd4 8. Nxd4
Bxb1 9. Rxb1 Bb4+ 10. Kf1 Ne7 11. Qa4 Qa5 12. Qxa5 Bxa5 13. b4 Bc7 14. f4 dxc4
15. Bxc4 a6 16. Bb3 Nb6 17. Ke2 Nbd5 18. Rhc1 O-O 19. g3 Bb6 20. Bf2 Rfd8 21.
Bxd5 Nxd5 22. Rc4 Bxd4 23. Bxd4 b5 24. Rc6 Nxf4+ 25. gxf4 Rxd4 26. Ke3 Rad8 27.
Rb3 Rd2 28. Rxa6 Rxh2 29. Rb6 g5 30. Rxb5 g4 31. Rc5 Rdd2 32. f5 exf5 33. Kf4
Rdf2+ 34. Ke3 Rxa2 35. Rb1 Rh3+ 36. Kd4 Rd2+ 37. Kc4 g3 38. b5 g2 0-1